| 000 | 00982nam a2200253 a 4500 | ||
|---|---|---|---|
| 003 | BD-DhJNU | ||
| 005 | 20260127060553.0 | ||
| 008 | 251108s2024 bg |||g |||| 000 1|ben|d | ||
| 020 | _a9789849853664 | ||
| 040 |
_aBD-DhJNU _bben _cBD-DhJNU _dBD-DhJNU |
||
| 041 | _aben | ||
| 082 |
_a954.92 AZO _223 |
||
| 100 | _aআজিজ, তারেক | ||
| 242 | 1 | 0 |
_aThe Astounding History of Past Dhaka / _cTareq Aziz |
| 245 | 1 | 0 |
_aঅতীত ঢাকার আশ্চর্য ইতিহাস / _cতারেক আজিজ |
| 246 | _aOtit Dhakar Ascarya Itihash | ||
| 250 | _a1st ed. | ||
| 260 |
_aঢাকা : _bকথাপ্রকাশ, _c2024. |
||
| 300 |
_a১১২ পৃ. : _bচিত্র ; _c২২ সেমি.। |
||
| 504 | _aগ্রন্থপঞ্জিগত নির্দেশিকা ও নিঘন্ট অন্তভূক্ত | ||
| 650 | _aঢাকার ইতিহাস | ||
| 650 | _aUrban history | ||
| 942 | _cBK | ||
| 999 |
_c2573 _d2573 |
||